| 000 | 00646nam a2200205 a 4500 | ||
|---|---|---|---|
| 003 | DO-SdBNP | ||
| 005 | 20220922115024.0 | ||
| 007 | ta | ||
| 008 | 140630s1975 000 spa d | ||
| 040 |
_aDO-SdBNP _bspa _cBNPHU |
||
| 082 |
_222 _axxx _bA489 |
||
| 245 | 0 |
_aArnau de Vilanova de la interpretación de los sueños./ _cSelección y traducción de José Francisco Ivars |
|
| 246 | _aAmaldus de villa nova de fommo rum interpretatione | ||
| 260 |
_a[España] : _c1975 _b labor, |
||
| 300 |
_a[26] p. ; _c22 cm |
||
| 590 | _aInventariado, 2022 / DG | ||
| 700 |
_aIvars, José Francisco _etrad. _948908 |
||
| 910 | _aDG | ||
| 942 |
_2ddc _cLF2 |
||
| 999 |
_c43930 _d43930 |
||